000 00305nam a2200109Ia 4500
005 20251222143244.0
008 251222s9999||||xx |||||||||||||| ||spa||
082 _a338.642/C46V
245 0 _aInventario de Estudios e Investigaciones sobre la Pequeña y Mediana Industria
264 _bCINSEYT
942 _cLIB
999 _c14694
_d14694